000 00706nam0a22002531 4500
001 rc\2625072
005 20250623143502.0
035 _a(NLR Aleph) 006788652
090 _a6120449
_c6120449
100 _a20110914d1931 |||y0rusy50 ca
101 0 _arus
102 _aRU
105 _ay z |||||
200 1 _aПаутинный клещик...
_fС. Родзиевская
210 _aТашкент
_cНИХИ
_d1931
215 _a8 с.
_d18 см.
225 1 _aБиблиотечка хлопкороба
_vВып. 26
700 1 _aРодзиевская
_bС.
801 0 _aRU
_bNLR
_gpsbo
801 1 _aRU
_bELAR
_2rusmarc
852 _aNLR
_j32-8/2117
942 _cBOOK
980 _aNB